| 000 | 01634cam a2200385 a 4500 | ||
|---|---|---|---|
| 999 |
_c19803 _d19803 |
||
| 001 | 15225159 | ||
| 005 | 20170117144621.0 | ||
| 008 | 080319s2008 nyu 000 0aeng | ||
| 010 | _a 2008012729 | ||
| 020 | _a9780312379933 | ||
| 020 | _a0312379935 | ||
| 035 | _a(OCoLC)ocn184822922 | ||
| 035 | _a(OCoLC)184822922 | ||
| 040 |
_aDLC _cDLC _dBTCTA _dBAKER _dYDXCP _dC#P _dDLC |
||
| 043 | _ae-be--- | ||
| 050 | 0 | 0 |
_aN8660 _b.L38A3 2008 |
| 100 | 1 |
_aLauryssens, Stan, _d1946- |
|
| 245 | 1 | 0 |
_aDali & I : _bthe surreal story / _cStan Lauryssens. |
| 246 | 1 | _aDali and I | |
| 250 | _a1st ed. | ||
| 260 |
_aNew York : _bThomas Dunne Books, _c2008. |
||
| 300 |
_a292 p. : _c22 cm. |
||
| 600 | 1 | 0 |
_aLauryssens, Stan, _d1946- |
| 600 | 1 | 0 |
_aDalĂ, Salvador, _d1904-1989 _xForgeries. |
| 650 | 0 |
_aArt dealers _zBelgium _vBiography. |
|
| 650 | 0 |
_aImpostors and imposture _zBelgium _vBiography. |
|
| 650 | 0 |
_aArt _xForgeries _xEconomic aspects. |
|
| 856 | 4 | 2 |
_3Contributor biographical information _uhttp://www.loc.gov/catdir/enhancements/fy0834/2008012729-b.html |
| 856 | 4 | 2 |
_3Publisher description _uhttp://www.loc.gov/catdir/enhancements/fy0834/2008012729-d.html |
| 856 | 4 | 1 |
_3Sample text _uhttp://www.loc.gov/catdir/enhancements/fy0901/2008012729-s.html |
| 942 |
_2lcc _cBOOKS _hN8660 .L38A3 2008 |
||